| 000 | 004530000a22001570004500 | ||
|---|---|---|---|
| 003 | MACL | ||
| 005 | 20170713132452.0 | ||
| 008 | 170713b xxu||||| |||| 00| 0 eng d | ||
| 040 | _cmacl | ||
| 100 |
_aमध्ाु ,मदनलाल _968206 |
||
| 245 | _aजादुई घोडा | ||
| 260 |
_bशब्द कलश _c2010 |
||
| 350 | _a300 | ||
| 650 |
_aचिल्ड्रन बुक _9159 |
||
| 942 |
_cHIN _k741.642/MAD _2ddc |
||
| 999 |
_c44454 _d44454 |
||